[Event "Sanxenxo Carlos op 8th"]
[Site "Sanxenxo"]
[Date "2016.06.29"]
[Round "5"]
[White "Guerra Bastida, Diego"]
[Black "Rodriguez Dominguez, Miguel I"]
[Result "1-0"]
[WhiteElo "2318"]
[BlackElo "2026"]
[PlyCount "73"]
[EventDate "2016.06.25"]
[EventType "swiss"]
[EventRounds "9"]
[EventCountry "ESP"]
[SourceTitle "CBM 173 Extra"]
[Source "ChessBase"]
[SourceDate "2016.08.29"]
[SourceVersion "1"]
[SourceVersionDate "2016.08.29"]
[SourceQuality "1"]

1. e4 c5 2. Nf3 e6 3. g3 Nc6 4. Bg2 Nf6 5. Qe2 Qc7 6. 0-0 d6 7. c3 Be7 8. d4 0-0 9. e5 Nd7 10. Re1 Rd8 11. exd6 Bxd6 12. Bg5 Rf8 13. Na3 a6 14. Nc4 cxd4 15. Rad1 h6 16. Bc1 e5 17. cxd4 exd4 18. Nxd4 Nxd4 19. Rxd4 Bb4 20. Bf4 Qd8 21. Red1 Re8 22. Re4 Rxe4 23. Qxe4 Qf6 24. a3 Bf8 25. Qe8 Qe6 26. Qxe6 fxe6 27. b4 e5 28. Be3 Rb8 29. Bd5+ Kh7 30. Be6 Nb6 31. Bxc8 Nxc4 32. Rd8 Nxe3 33. Rxf8 Nc2 34. Bf5+ g6 35. Rxb8 gxf5 36. Rxb7+ Kg6 37. Rb6+ 1-0

[Event "Mondariz Cemar op 2nd"]
[Site "Mondariz"]
[Date "2015.08.23"]
[Round "9"]
[White "Rodriguez Dominguez, Miguel I"]
[Black "Maquieira Vidal, Alvaro"]
[Result "1/2-1/2"]
[WhiteElo "2017"]
[BlackElo "1832"]
[PlyCount "88"]
[EventDate "2015.08.16"]
[EventType "swiss"]
[EventRounds "9"]
[EventCountry "ESP"]
[SourceTitle "EXT 2019"]
[Source "ChessBase"]
[SourceDate "2018.10.10"]
[SourceVersion "1"]
[SourceVersionDate "2018.10.10"]
[SourceQuality "1"]

1. d4 e6 2. c4 d5 3. Nf3 c6 4. Nbd2 f5 5. g3 Nf6 6. Bg2 Be7 7. 0-0 0-0 8. Ne5 Nbd7 9. Ndf3 Nxe5 10. Nxe5 Nd7 11. Nxd7 Bxd7 12. Qd3 Be8 13. b3 Bg6 14. Bf4 Bd6 15. c5 Bxf4 16. gxf4 Bh5 17. Bf3 Bxf3 18. Qxf3 Rf6 19. Kh1 Rg6 20. b4 Qf6 21. e3 Rf8 22. a4 Rh6 23. Rg1 Qh4 24. Qg3 Qxg3 25. fxg3 Rhf6 26. b5 Rb8 27. Rgb1 Rff8 28. Rb4 b6 29. bxc6 bxc5 30. Rxb8 Rxb8 31. dxc5 Rc8 32. Rb1 Rxc6 33. Rb8+ Kf7 34. Rb7+ Kf6 35. Rxa7 Rxc5 36. h4 Rc3 37. Kg2 Rxe3 38. a5 Ra3 39. a6 h5 40. Ra8 d4 41. Kf2 Kf7 42. a7 Ra2+ 43. Ke1 d3 44. Kd1 Kg6 1/2-1/2

[Event "Mondariz Cemar op 2nd"]
[Site "Mondariz"]
[Date "2015.08.22"]
[Round "8"]
[White "Torcal Miguel, Oscar"]
[Black "Rodriguez Dominguez, Miguel I"]
[Result "1/2-1/2"]
[WhiteElo "1969"]
[BlackElo "2017"]
[PlyCount "105"]
[EventDate "2015.08.16"]
[EventType "swiss"]
[EventRounds "9"]
[EventCountry "ESP"]
[SourceTitle "EXT 2019"]
[Source "ChessBase"]
[SourceDate "2018.10.10"]
[SourceVersion "1"]
[SourceVersionDate "2018.10.10"]
[SourceQuality "1"]

1. e4 c5 2. Nf3 e6 3. d3 b5 4. g3 Bb7 5. Bg2 d6 6. 0-0 Nd7 7. Bf4 Ngf6 8. Nbd2 Be7 9. Re1 e5 10. Bg5 h6 11. Bxf6 Bxf6 12. a4 a6 13. Nf1 0-0 14. Ne3 Qc7 15. h4 Bc6 16. a5 Rfd8 17. Nh2 g6 18. Bh3 Nf8 19. Qf3 Bg7 20. h5 Qb7 21. Neg4 f5 22. Ne3 fxe4 23. dxe4 Bxe4 24. Qg4 d5 25. hxg6 Bxg6 26. Nf3 Qf7 27. Nh4 d4 28. Nef5 Kh7 29. Bg2 Ra7 30. Nxg6 Qxg6 31. Qxg6+ Nxg6 32. Be4 Kg8 33. Nxd4 exd4 34. Bxg6 d3 35. Bxd3 Bxb2 36. Ra2 Bc3 37. Re6 c4 38. Bf5 Bg7 39. Rc6 Kf8 40. Bc8 c3 41. Bxa6 Rda8 42. Rc8+ Rxc8 43. Bxc8 Bd4 44. Bf5 Rf7 45. g4 h5 46. a6 hxg4 47. Bxg4 Rxf2 48. Kh1 Ba7 49. Be6 b4 50. Bb3 Ke7 51. Ra5 Rf6 52. Bc4 Rc6 53. Bb3 1/2-1/2

[Event "Mondariz Cemar op 2nd"]
[Site "Mondariz"]
[Date "2015.08.18"]
[Round "4"]
[White "Rodriguez Dominguez, Miguel I"]
[Black "Perez Romero, Alfredo"]
[Result "1-0"]
[WhiteElo "2017"]
[BlackElo "1806"]
[PlyCount "87"]
[EventDate "2015.08.16"]
[EventType "swiss"]
[EventRounds "9"]
[EventCountry "ESP"]
[SourceTitle "EXT 2019"]
[Source "ChessBase"]
[SourceDate "2018.10.10"]
[SourceVersion "1"]
[SourceVersionDate "2018.10.10"]
[SourceQuality "1"]

1. d4 Nf6 2. Nf3 g6 3. g3 Bg7 4. Bg2 0-0 5. 0-0 d5 6. Ne5 c6 7. c4 Be6 8. Nd2 Nbd7 9. cxd5 cxd5 10. Nd3 Bf5 11. Nf4 e6 12. b3 Rc8 13. Ba3 Re8 14. Bb2 Nb8 15. Rc1 Nc6 16. Nf3 Be4 17. Ne5 Nxe5 18. dxe5 Bxg2 19. Rxc8 Qxc8 20. exf6 Bxf1 21. fxg7 e5 22. Nxd5 Bh3 23. Nf6+ Kxg7 24. Nxe8+ Qxe8 25. Qd5 f6 26. Qxb7+ Qd7 27. Qxd7+ Bxd7 28. f4 e4 29. Kf2 Kf7 30. Ke3 f5 31. Kd4 Bb5 32. e3 Ke6 33. Kc5 Bd3 34. b4 a6 35. a4 Bc2 36. b5 axb5 37. axb5 Bb3 38. Kc6 Ba4 39. Ba3 Kf7 40. Kc5 Ke6 41. b6 Kd7 42. Kd5 Kc8 43. Ke5 Bd1 44. Kf6 1-0

[Event "Mondariz Marcote Memorial"]
[Site "Mondariz"]
[Date "2014.08.22"]
[Round "7"]
[White "Rodriguez Dominguez, Miguel I"]
[Black "Silva, Antonio Araujo Da"]
[Result "1-0"]
[WhiteElo "1951"]
[BlackElo "1965"]
[PlyCount "52"]
[EventDate "2014.08.16"]
[EventType "swiss"]
[EventRounds "9"]
[EventCountry "ESP"]
[SourceTitle "EXT 2015"]
[Source "ChessBase"]
[SourceDate "2014.11.20"]
[SourceVersion "1"]
[SourceVersionDate "2014.11.20"]
[SourceQuality "1"]

1. d4 Nf6 2. Nf3 c5 3. d5 e6 4. Nc3 exd5 5. Nxd5 Nxd5 6. Qxd5 Nc6 7. e4 d6 8. Ng5 Qd7 9. Bf4 h6 10. Nf3 Qg4 11. Bxd6 Bxd6 12. Qxd6 Qxe4+ 13. Be2 Be6 14. Qxc5 0-0-0 15. Qe3 Qb4+ 16. c3 Qxb2 17. 0-0 Bxa2 18. Nd4 Rhe8 19. Bg4+ Kb8 20. Nxc6+ bxc6 21. Qf4+ Ka8 22. Qa4 Qxc3 23. Rxa2 Qc5 24. Bf3 Re6 25. Rc2 Qd4 26. Rxc6 Qxa4 1-0

[Event "Mondariz Marcote Memorial"]
[Site "Mondariz"]
[Date "2014.08.19"]
[Round "4"]
[White "Rodriguez Dominguez, Miguel I"]
[Black "Lopez de Turiso, Jose Angel"]
[Result "1/2-1/2"]
[WhiteElo "1951"]
[BlackElo "2147"]
[PlyCount "103"]
[EventDate "2014.08.16"]
[EventType "swiss"]
[EventRounds "9"]
[EventCountry "ESP"]
[SourceTitle "EXT 2015"]
[Source "ChessBase"]
[SourceDate "2014.11.20"]
[SourceVersion "1"]
[SourceVersionDate "2014.11.20"]
[SourceQuality "1"]

1. d4 Nf6 2. Nf3 e6 3. e3 b6 4. Nbd2 Bb7 5. Bd3 c5 6. 0-0 Be7 7. b3 d6 8. Bb2 Nbd7 9. Qe2 0-0 10. Rad1 Qc7 11. c4 Rad8 12. e4 cxd4 13. Nxd4 Rfe8 14. Bb1 Nf8 15. Rfe1 d5 16. cxd5 exd5 17. e5 Bb4 18. f4 Bxd2 19. Qxd2 Ne4 20. Bxe4 dxe4 21. Qe3 Qd7 22. Rd2 Ne6 23. Red1 Nxd4 24. Rxd4 Qc7 25. Qd2 Qc5 26. b4 Rxd4 27. Qxd4 Qxd4+ 28. Rxd4 Bc6 29. Kf2 Rc8 30. Ke3 Kf8 31. Rc4 Ke7 32. g3 Kd7 33. Bd4 Bb7 34. e6+ Kxe6 35. Rxc8 Bxc8 36. Bxg7 f5 37. Kd4 Ba6 38. Be5 Bf1 39. Bb8 a6 40. Bc7 b5 41. Be5 Bc4 42. a3 Bb3 43. Bb8 h5 44. Be5 Bd1 45. h4 Bb3 46. Bb8 Bd1 47. Ba7 Bb3 48. Kc3 Bd1 49. Kd4 Bb3 50. Bb8 Bd1 51. Be5 Bb3 52. Bb8 1/2-1/2